Furniture at Deir el-Medina, including wooden containers of the New Kingdom and Ostracon varille 19 /

Saved in:

Main Author: Janssen, Jac. J .

Format: Book

Language: English

Published: London : Golden House Publications, 2009.

Series: GHP Egyptology ; 9.
Egyptology ; 9.

Subjects:

Tags: Add Tag

No Tags, Be the first to tag this record!

Call Number: DT59 .E88 v.9

LEADER 01210cam a2200349 a 4500
001 ocn263985476
003 OSt
005 20260517100039.0
008 081023s2009 enka b 000 0 eng d
016 7 |a 014929038  |2 Uk 
020 |a 9781906137076  |q (paperback) 
020 |a 1906137072  |q (paperback) 
040 |c ARCE Library 
043 |a f-ua--- 
045 |a 012347607 
050 4 |a DT59 .E88 v.9 
100 1 |a Janssen, Jac. J . 
245 1 0 |a Furniture at Deir el-Medina, including wooden containers of the New Kingdom and Ostracon varille 19 /  |c Jac. J. Janssen. 
264 1 |a London :  |b Golden House Publications,  |c 2009. 
300 |a iv, 103 pages :   |b ill. ;   |c 21 cm. 
490 0 |a GHP Egyptology ;   |v 9. 
490 0 |a Egyptology ;  |v 9. 
504 |a Includes bibliographical references (pages 102-103) 
650 0 |a Furniture  |z Egypt  |x History  |y To 1500. 
650 0 |a Furniture  |z Egypt  |v Terminology. 
650 0 |a Egyptian language  |x Lexicology. 
651 0 |a Deir el-Medina Site (Egypt)  |x Antiquities. 
651 0 |a Deir el-Medina Site (Egypt)  |x Social life and customs. 
651 0 |a Egypt  |x History  |y New Kingdom, ca. 1550-ca. 1070 B.C. 
901 |a reviewed 
942 |2 lcc  |c BK 
999 |c 55310  |d 55310